Online
Catalog

Julia de Burgos, la nuestra / (Record no. 17354)

MARC details
000 -CABECERA
campo de control de longitud fija 01255nam a2200325 a 4500
001 - NÚMERO DE CONTROL
campo de control 000017830
003 - IDENTIFICADOR DEL NÚMERO DE CONTROL
campo de control OSt
005 - FECHA Y HORA DE LA ÚLTIMA TRANSACCIÓN
campo de control 20260321073640.0
008 - DATOS DE LONGITUD FIJA--INFORMACIÓN GENERAL
campo de control de longitud fija 100406s2004 dr c 000 0 spa d
020 ## - NÚMERO INTERNACIONAL ESTÁNDAR DEL LIBRO
Número Internacional Estándar del Libro 9993442275
040 ## - FUENTE DE LA CATALOGACIÓN
Centro catalogador/agencia de origen DO-SdBNP
Lengua de catalogación spa
Centro/agencia transcriptor BNPHU
049 ## - FONDOS LOCALES (OCLC)
Fondos de biblioteca BNPD
082 ## - NÚMERO DE LA CLASIFICACIÓN DECIMAL DEWEY
Número de clasificación 928.61
Número de documento/Ítem V635j
100 1# - ENTRADA PRINCIPAL--NOMBRE DE PERSONA
Nombre de persona Vicioso, Sherezada,
Fechas asociadas al nombre 1948-
9 (RLIN) 19504
245 10 - MENCIÓN DE TÍTULO
Título Julia de Burgos, la nuestra /
Mención de responsabilidad, etc. Sherezada Vicioso , edición al cuidado de Andrés Blanco Díaz ; presentación Carlos Esteban Deive.
260 ## - PUBLICACIÓN, DISTRIBUCIÓN, ETC.
Lugar de publicación, distribución, etc. Santo Domingo :
Nombre del editor, distribuidor, etc. Búho,
Fecha de publicación, distribución, etc. 2004.
300 ## - DESCRIPCIÓN FÍSICA
Extensión 100 p. :
Otras características físicas retrs. ;
Dimensiones 22 cm.
490 1# - MENCIÓN DE SERIE
Mención de serie Ediciones Ferilibro ;
Designación de volumen o secuencia v. 60
500 ## - NOTA GENERAL
Nota general Incluye datos biográficos de la autora en las solapas.
600 14 - PUNTO DE ACCESO ADICIONAL DE MATERIA--NOMBRE DE PERSONA
Nombre de persona Burgos, Julia de,
Fechas asociadas al nombre 1914-1953
9 (RLIN) 14090
600 14 - PUNTO DE ACCESO ADICIONAL DE MATERIA--NOMBRE DE PERSONA
Nombre de persona Burgos, Julia de,
Fechas asociadas al nombre 1914-1953
Subdivisión general Crítica e interpretación
9 (RLIN) 8825
600 10 - PUNTO DE ACCESO ADICIONAL DE MATERIA--NOMBRE DE PERSONA
Nombre de persona Bosch, Juan,
Fechas asociadas al nombre 1909-2001
Subdivisión de forma Entrevistas
9 (RLIN) 76555
600 10 - PUNTO DE ACCESO ADICIONAL DE MATERIA--NOMBRE DE PERSONA
Nombre de persona Jimenes Grullón, Juan Isidro,
Fechas asociadas al nombre 1903-1983
9 (RLIN) 2482
650 #4 - PUNTO DE ACCESO ADICIONAL DE MATERIA--TÉRMINO DE MATERIA
Término de materia o nombre geográfico como elemento de entrada Poetas puertorriqueños
Subdivisión cronológica Siglo XX
9 (RLIN) 38732
Subdivisión de forma Biografías
650 #4 - PUNTO DE ACCESO ADICIONAL DE MATERIA--TÉRMINO DE MATERIA
Término de materia o nombre geográfico como elemento de entrada Literatura puertorriqueña
9 (RLIN) 250
700 1# - PUNTO DE ACCESO ADICIONAL--NOMBRE DE PERSONA
Nombre de persona Blanco Díaz, Andrés
Término indicativo de función/relación ed.
9 (RLIN) 172
700 1# - PUNTO DE ACCESO ADICIONAL--NOMBRE DE PERSONA
Nombre de persona Deive, Carlos Esteban,
Fechas asociadas al nombre 1935-2019
9 (RLIN) 1916
830 #0 - PUNTO DE ACCESO ADICIONAL DE SERIE-TÍTULO UNIFORME
Título uniforme Ediciones Ferilibro ;
Número de parte o sección de la obra no. 60
9 (RLIN) 38733
942 ## - ELEMENTOS DE PUNTO DE ACCESO ADICIONAL (KOHA)
Fuente del sistema de clasificación o colocación Dewey Decimal Classification
Tipo de ítem Koha Libro
Holdings
Estado de retiro Estado de pérdida Restricciones de uso No para préstamo Código de colección Localización permanente Ubicación/localización actual Ubicación en estantería Fecha de adquisición Número de inventario Total de préstamos Signatura topográfica completa Código de barras Fecha visto por última vez Número de copia Precio válido a partir de Tipo de ítem Koha Nota pública
        Dominicana de Servicio General General Depósito 14.02.2011 LF1   928.61 V635j 17830-30 25.06.2020 e. 3 25.06.2020 Libro y Folleto Colección Dominicana de Servicio  
        Dominicana de Servicio General General Depósito 18.03.2013 LF1   928.61 V635j 17830-50 25.06.2020 e. 4 25.06.2020 Libro y Folleto Colección Dominicana de Servicio  
        Dominicana de Servicio General General Depósito 23.06.2015 LF1   928.61 V635j 17830-60 25.06.2020 e. 5 25.06.2020 Libro y Folleto Colección Dominicana de Servicio Perteneció a la biblioteca personal de Chiqui Vicioso / Fidelio Despradel.
      Excluido de préstamo Patrimonio Dominicano Patrimonio Dominicano Patrimonio Dominicano Depósito 06.04.2010 LF1   928.61 V635j 17830-10 25.06.2020   25.06.2020 Libro y Folleto Colección Patrimonio Dominicano  
      Excluido de préstamo Patrimonio Dominicano Patrimonio Dominicano Patrimonio Dominicano Depósito 06.04.2010 LF1   928.61 V635j 17830-20 25.06.2020 e. 2 25.06.2020 Libro y Folleto Colección Patrimonio Dominicano  

Powered by Koha